| 000 | 00701nam a2200193Ia 4500 | ||
|---|---|---|---|
| 001 | 4222 | ||
| 003 | GE_BSU | ||
| 008 | 181216s||||||||xx |||||||||||||| ||und|| | ||
| 040 | _cGE_BSU | ||
| 080 | _a541(03) | ||
| 245 | _aСправочник химика.Дополнительный том: номенклатура органических соединений, техника безопасности, сводный предметный указатель. | ||
| 245 | _cРед. колл.: гл. ред. Б.П.Никольский. | ||
| 260 | _aЛ. | ||
| 260 | _bХимия. | ||
| 260 | _c1968. | ||
| 300 | _a506 стр. 22 см. | ||
| 653 | _aСправочник химика. | ||
| 942 | _cBK | ||
| 999 |
_c38232 _d38232 |
||